[Event "1600/1900 standard #2"]
[Site "SchemingMind.com"]
[Date "2007.09.05"]
[Round "-"]
[White "erikbrynolfson"]
[Black "echecs"]
[Result "0-1"]
[WhiteCountry "USA"]
[BlackCountry "ENG"]
[WhiteElo "1753"]
[WhiteRD "66"]
[BlackElo "1750"]
[BlackRD "62"]
[GameID "119250"]

1. d4 e6 2. c4 Nf6 3. Nf3 c5 4. d5 exd5 5. cxd5 d6 6. Nc3 Be7 7. Bg5 O-O 8. e3 Bg4 9. Be2 Nbd7 10. O-O Nb6
11. Bxf6 Bxf6 12. e4 Nd7 13. h3 Bh5 14. a3 Bg6 15. Qc2 Re8 16. Bd3 Ne5 17. Nxe5 Bxe5 18. Rab1 Qf6 19. Ne2 a6 20. f4 Bd4+
21. Nxd4 Qxd4+ 22. Kh1 Bxe4 23. Bxe4 Rxe4 24. Rbd1 Qc4 25. Qxc4 Rxc4 26. Rf2 Re8 27. Rdd2 f5 28. g3 Ree4 29. Kg2 Rcd4 30. Kf3 g6
31. Rfe2 b5 32. Kf2 Kf7 33. Kf3 c4 34. Rc2 Rxe2 35. Kxe2 Rxd5
0-1

[Event "1600/1900 standard #2"]
[Site "SchemingMind.com"]
[Date "2007.09.05"]
[Round "-"]
[White "echecs"]
[Black "erikbrynolfson"]
[Result "0-1"]
[WhiteCountry "ENG"]
[BlackCountry "USA"]
[WhiteElo "1743"]
[WhiteRD "62"]
[BlackElo "1746"]
[BlackRD "65"]
[GameID "119251"]

1. e4 e6 2. d4 d5 3. Nc3 Bb4 4. e5 c5 5. a3 Bxc3+ 6. bxc3 cxd4 7. cxd4 Nc6 8. Qg4 g6 9. Bd3 Qb6 10. Nf3 Nge7
11. O-O Bd7 12. Ng5 h6 13. Nf3 O-O-O 14. Bd2 h5 15. Qh4 Nf5 16. Qf4 Ncxd4 17. Rfb1 Nxf3+ 18. Qxf3 Qc7 19. Rb4 Bc6 20. Qe2 Kd7
21. Rab1 Rb8 22. R4b3 Nd4 23. Qe3 Nxb3 24. Rxb3 b6 25. h3 Qb7 26. Qf3 Rbf8 27. Bg5 Kc8 28. Rc3 Kb8 29. Bf6 Rhg8 30. Qg3 Rc8
31. Rb3 Ba4 32. Rb2 Rc3 33. Ra2 Rgc8 34. Qh4 Bxc2 35. Bxc2 Rxc2 36. Rxc2 Rxc2 37. Be7 a5 38. Bd6+ Ka7 39. Qa4 Qc6 40. Qf4 Qb7
41. f3 Rc4 42. Qf6 b5 43. Qd8 Ka6 44. Qf8 Rc8 45. Qg7 b4 46. axb4 axb4 47. Qf6 b3 48. Qf4 Rc4 49. Qe3 Qb6
0-1

[Event "1600/1900 standard #2"]
[Site "SchemingMind.com"]
[Date "2007.09.05"]
[Round "-"]
[White "Archon"]
[Black "echecs"]
[Result "0-1"]
[WhiteCountry "CAN"]
[BlackCountry "ENG"]
[WhiteElo "1707"]
[WhiteRD "52"]
[BlackElo "1792"]
[BlackRD "64"]
[GameID "119277"]

1. d4 e6 2. c4 Nf6 3. Nc3 Bb4 4. Qc2 Nc6 5. Nf3 d6 6. Bd2 O-O 7. a3 Bxc3 8. Bxc3 Qe7 9. e3 a5 10. Bd3 g6
11. h4 h5 12. O-O-O d5 13. g4 Nxg4 14. Bxg6 fxg6 15. Qxg6+ Qg7 16. Qxh5 Nf6 17. Qg5 Qxg5 18. Nxg5 dxc4 19. Rdg1 Kh8 20. d5 exd5
21. h5 b5 22. h6 b4 23. Bxf6+ Rxf6 24. h7 Bf5 25. Nf3 Be4
0-1

[Event "1600/1900 standard #2"]
[Site "SchemingMind.com"]
[Date "2007.09.05"]
[Round "-"]
[White "Archon"]
[Black "erikbrynolfson"]
[Result "1/2-1/2"]
[WhiteCountry "CAN"]
[BlackCountry "USA"]
[WhiteElo "1710"]
[WhiteRD "51"]
[BlackElo "1753"]
[BlackRD "66"]
[GameID "119278"]

1. d4 Nf6 2. c4 e6 3. Nc3 Bb4 4. Qc2 d5 5. cxd5 Nxd5 6. a3 Bxc3+ 7. bxc3 O-O 8. e4 Ne7 9. Nf3 Nd7 10. Bf4 b6
11. Bd3 c5 12. O-O Bb7 13. Rad1 Nf6 14. Bg5 cxd4 15. cxd4 h6 16. Bxf6 gxf6 17. Qd2 Kg7 18. Qf4 Ng6 19. Qg3 Kh7 20. Nh4 Qxd4
21. e5 f5 22. Nxf5 exf5 23. Bxf5 Qc5 24. h4 Kh8 25. Bxg6 fxg6 26. Qxg6 Qc6 27. e6 Qxg2+ 28. Qxg2 Bxg2 29. Kxg2 Rae8 30. Rde1 Rf6
31. e7 Rf7 32. f4 Rfxe7 33. Rxe7 Rxe7 34. f5 Rf7 35. f6 h5 36. Rf5 Kh7 37. Rxh5+ Kg6 38. Rg5+ Kxf6 39. Kg3 Rg7 40. Rxg7 Kxg7
41. Kf4 b5 42. Ke4 a5 43. Kd4 b4 44. axb4 axb4=
1/2-1/2

[Event "1600/1900 standard #2"]
[Site "SchemingMind.com"]
[Date "2007.09.06"]
[Round "-"]
[White "echecs"]
[Black "Archon"]
[Result "0-1"]
[WhiteCountry "ENG"]
[BlackCountry "CAN"]
[WhiteElo "1750"]
[WhiteRD "62"]
[BlackElo "1710"]
[BlackRD "51"]
[GameID "119279"]

1. b4 d5 2. Bb2 Bg4 3. h3 Bh5 4. g4 Bg6 5. e3 Nd7 6. Bg2 e6 7. Ne2 c6 8. a3 Nh6 9. Ng3 Rg8 10. Nc3 f5
11. Nce2 Bd6 12. gxf5 Nxf5 13. Nxf5 Bxf5 14. Ng3 Qe7 15. Qe2 Bxc2 16. d3 Ba4 17. Qf3 O-O-O 18. Qg4 Bb5 19. O-O-O Rdf8 20. f4 Kb8
21. h4 Nf6 22. Qf3 Rc8 23. e4 Ne8 24. e5 Bc7 25. Ne2 Bb6 26. Nc3 Rf8 27. Kb1 Nc7 28. Na2 c5 29. Bc3 Na6 30. Rc1 cxb4
31. Bxb4 Nxb4 32. Nxb4 Ba5 33. Nc2 Rc3
0-1

[Event "1600/1900 standard #2"]
[Site "SchemingMind.com"]
[Date "2007.09.05"]
[Round "-"]
[White "erikbrynolfson"]
[Black "Archon"]
[Result "0-1"]
[WhiteCountry "USA"]
[BlackCountry "CAN"]
[WhiteElo "1753"]
[WhiteRD "66"]
[BlackElo "1710"]
[BlackRD "51"]
[GameID "119280"]

1. b3 d5 2. Bb2 Bg4 3. h3 Bh5 4. g4 Bg6 5. e3 e6 6. f4 h6 7. Nf3 Nf6 8. Nc3 Nbd7 9. Nd4 c5 10. Nde2 Be7
11. Ng3 Qa5 12. Bb5 O-O-O 13. f5 exf5 14. gxf5 Bh7 15. Bxd7+ Rxd7 16. Qf3 d4 17. Nce4 dxe3 18. Qxe3 Kb8 19. a3 Nxe4 20. Nxe4 c4
21. Bxg7 Rg8 22. f6 Bxe4 23. Qf4+ Bd6 24. Qxe4 Bg3+ 25. Kf1 Rxd2 26. b4 Qb6
0-1

[Event "1600/1900 standard #2"]
[Site "SchemingMind.com"]
[Date "2007.09.05"]
[Round "-"]
[White "MarketTheHay"]
[Black "echecs"]
[Result "1-0"]
[WhiteCountry "ENG"]
[BlackCountry "ENG"]
[WhiteElo "1838"]
[WhiteRD "123"]
[BlackElo "1792"]
[BlackRD "64"]
[GameID "119337"]

1. c4 c5 2. Nc3 Nf6 3. g3 g6 4. Bg2 Bg7 5. Nf3 Nc6 6. e4 O-O 7. O-O a6 8. d4 cxd4 9. Nxd4 Rb8 10. Re1 e5
11. Nc2 Re8 12. Be3 Qc7 13. Bc5 Nd4 14. Nxd4 exd4 15. Bxd4 Qxc4 16. Rc1 Qe6 17. Nd5 Rd8 18. Nc7 Qxa2 19. Ba7 d6 20. Bxb8 Bg4
21. f3 Be6 22. Nxe6 Qxe6 23. Bc7 Re8 24. Qxd6
1-0

[Event "1600/1900 standard #2"]
[Site "SchemingMind.com"]
[Date "2007.09.05"]
[Round "-"]
[White "MarketTheHay"]
[Black "erikbrynolfson"]
[Result "0-1"]
[WhiteCountry "ENG"]
[BlackCountry "USA"]
[WhiteElo "1740"]
[WhiteRD "104"]
[BlackElo "1748"]
[BlackRD "72"]
[GameID "119338"]

1. c4 c5 2. Nc3 Nc6 3. g3 g6 4. Bg2 Bg7 5. Nf3 Nf6 6. O-O O-O 7. e4 d6 8. d3 Bg4 9. h3 Bxf3 10. Bxf3 Rb8
11. Be3 Nd7 12. Qd2 Nd4 13. Bg2 a6 14. Bh6 b5 15. Bxg7 Kxg7 16. f4 bxc4 17. dxc4 Rb6 18. Nd5 Rb7 19. e5 e6 20. Ne3 Rb6
21. exd6 Rxd6 22. Qc3 Nf6 23. Rf2 Nh5 24. Kh2 Kg8 25. Ng4 Nf5 26. Be4 Rd4 27. Bxf5 exf5 28. Ne5 Qd6 29. Nf3 Rd3 30. Qe5 Qxe5
31. fxe5 Ng7 32. a3 Rfd8 33. b4 Rc3 34. Nd2 Rc2 35. Ne4 Rxf2+ 36. Nxf2 Rd2 37. Rd1 Rxd1 38. Nxd1 cxb4 39. axb4 Ne6 40. Nc3 Kf8
41. Nd5 Nd4 42. Kg2 Nc6 43. b5 axb5 44. cxb5 Nxe5 45. b6 Nd7 46. b7 Nb8 47. Kf3 g5 48. Ne3 g4+ 49. hxg4 fxg4+ 50. Nxg4 Ke7
51. Kf4 Kd6 52. Nf6 h6 53. Ng8 h5 54. Nh6 Kc7 55. Nxf7 Kxb7 56. Kg5 Kc7
0-1

[Event "1600/1900 standard #2"]
[Site "SchemingMind.com"]
[Date "2007.09.06"]
[Round "-"]
[White "MarketTheHay"]
[Black "Archon"]
[Result "1-0"]
[WhiteCountry "ENG"]
[BlackCountry "CAN"]
[WhiteElo "1838"]
[WhiteRD "123"]
[BlackElo "1707"]
[BlackRD "52"]
[GameID "119339"]

1. c4 e5 2. Nc3 Nf6 3. e4 Bc5 4. g3 O-O 5. Bg2 Nc6 6. Nge2 d6 7. d3 Ng4 8. O-O f5 9. exf5 Rxf5 10. Ne4 Bb6
11. h3 Nxf2 12. Nxf2 Qf8 13. Qe1 Be6 14. g4 Rxf2 15. Rxf2 Qf7 16. Kf1 Bxf2 17. Qxf2 Qe7 18. Kg1 Rf8 19. Qg3 Nb4 20. Bd2 Nc6
21. Rf1
1-0

[Event "1600/1900 standard #2"]
[Site "SchemingMind.com"]
[Date "2007.09.05"]
[Round "-"]
[White "echecs"]
[Black "MarketTheHay"]
[Result "0-1"]
[WhiteCountry "ENG"]
[BlackCountry "ENG"]
[WhiteElo "1792"]
[WhiteRD "64"]
[BlackElo "1838"]
[BlackRD "123"]
[GameID "119340"]

1. b4 d5 2. Bb2 Qd6 3. b5 e5 4. Ba3 c5 5. bxc6 Qxc6 6. Bxf8 Kxf8 7. e3 Bf5 8. c3 Nf6 9. Nf3 Nbd7 10. Be2 Re8
11. O-O h5 12. Nh4 Be6 13. g3 Bh3 14. Re1 e4 15. Ng2 g5 16. Na3 Ng4 17. Rf1 Qh6 18. f4 h4 19. Bxg4 hxg3 20. fxg5 Qxg5
21. Bxh3 Rxh3 22. hxg3 Qxg3 23. Qe2 Ne5
0-1

[Event "1600/1900 standard #2"]
[Site "SchemingMind.com"]
[Date "2007.09.05"]
[Round "-"]
[White "erikbrynolfson"]
[Black "MarketTheHay"]
[Result "0-1"]
[WhiteCountry "USA"]
[BlackCountry "ENG"]
[WhiteElo "1753"]
[WhiteRD "66"]
[BlackElo "1800"]
[BlackRD "96"]
[GameID "119341"]

1. b3 d5 2. Bb2 c5 3. e3 Bf5 4. Bb5+ Nd7 5. f4 e6 6. Nf3 a6 7. Bxd7+ Qxd7 8. O-O Nf6 9. Bxf6 gxf6 10. Nc3 Rg8
11. Rf2 d4 12. Na4 Rd8 13. exd4 cxd4 14. d3 Qc7 15. Nh4 Bg4 16. Qd2 Ba3 17. c4 dxc3 18. Nxc3 Bb4 19. Nd5 Rxd5 20. Qxb4 Rxd3
21. Re1 Qc6 22. Rd2 Rxd2 23. Qxd2 Qc5+ 24. Kh1 Ke7 25. Rc1 Qd6 26. Qc3 Rd8 27. Kg1 Qxf4 28. g3 Qd4+
0-1

[Event "1600/1900 standard #2"]
[Site "SchemingMind.com"]
[Date "2007.09.06"]
[Round "-"]
[White "Archon"]
[Black "MarketTheHay"]
[Result "1-0"]
[WhiteCountry "CAN"]
[BlackCountry "ENG"]
[WhiteElo "1753"]
[WhiteRD "50"]
[BlackElo "1769"]
[BlackRD "98"]
[GameID "119342"]

1. d4 f5 2. Nf3 Nf6 3. Bf4 e6 4. e3 d6 5. h3 Be7 6. Bd3 O-O 7. O-O Ne4 8. c4 Nd7 9. Nc3 Ndf6 10. Ng5 Nxg5
11. Bxg5 Bd7 12. e4 Qe8 13. Bxf6 Bxf6 14. Qf3 fxe4 15. Qxe4 Qh5 16. Be2 Qa5 17. Bg4 Rae8 18. Qc2 Bxd4 19. Rae1 Bxc3 20. bxc3 Re7
21. Re2 e5 22. Bxd7 Rxd7 23. Re4 Rdf7 24. Rh4 g6 25. Rg4 Kg7 26. h4 Rf4 27. Rxf4 Rxf4 28. h5 Rxc4 29. hxg6 Rxc3 30. Qf5 hxg6
31. Qd7+ Kh6 32. Qf7 Qc5 33. g3 Rxg3+ 34. Kh2
1-0

[Event "1600/1900 standard #2"]
[Site "SchemingMind.com"]
[Date "2007.09.06"]
[Round "-"]
[White "Orome"]
[Black "MarketTheHay"]
[Result "1-0"]
[WhiteCountry "SUI"]
[BlackCountry "ENG"]
[WhiteElo "1838"]
[WhiteRD "126"]
[BlackElo "1838"]
[BlackRD "123"]
[GameID "119542"]

1. e4 e5 2. Nf3 Nc6 3. Bb5 Nf6 4. O-O Nxe4 5. d4 a6 6. Ba4 b5 7. d5 bxa4 8. dxc6 d6 9. Re1 f5 10. c4 Be6
11. Qxa4 Be7 12. Nbd2 Nxd2 13. Bxd2 O-O 14. Qc2 f4 15. b4 g5 16. Bc3 Bf5 17. Qb3 g4 18. Nxe5 dxe5 19. Rxe5 Bg6 20. Rd5 Qe8
21. Re1 Rf7 22. Rde5 Kf8 23. b5 axb5 24. Rxe7 Rxe7 25. Bb4 bxc4 26. Qxc4 Ra4 27. Rxe7 Qb8 28. Rf7+
1-0

[Event "1600/1900 standard #2"]
[Site "SchemingMind.com"]
[Date "2007.09.07"]
[Round "-"]
[White "Orome"]
[Black "echecs"]
[Result "1-0"]
[WhiteCountry "SUI"]
[BlackCountry "ENG"]
[WhiteElo "1838"]
[WhiteRD "126"]
[BlackElo "1792"]
[BlackRD "64"]
[GameID "119543"]

1. e4 Nf6 2. e5 Nd5 3. d4 d6 4. Nf3 Nb6 5. a4 a5 6. Nc3 g6 7. exd6 cxd6 8. Bb5+ Bd7 9. h4 Bg7 10. h5 gxh5
11. Ng5 Bxb5 12. Nxb5 h6 13. Qxh5 hxg5 14. Qxh8+ Bxh8 15. Rxh8+ Kd7 16. Rxd8+ Kxd8 17. Bxg5 Nc6 18. c3 Kd7 19. g3 Rh8 20. Bh4 f5
21. b3 f4 22. Ke2 e5 23. dxe5 dxe5 24. Rd1+ Ke6 25. Rd6+ Kf5 26. f3 Rf8 27. g4#
1-0

[Event "1600/1900 standard #2"]
[Site "SchemingMind.com"]
[Date "2007.09.06"]
[Round "-"]
[White "Orome"]
[Black "erikbrynolfson"]
[Result "1-0"]
[WhiteCountry "SUI"]
[BlackCountry "USA"]
[WhiteElo "1838"]
[WhiteRD "126"]
[BlackElo "1773"]
[BlackRD "67"]
[GameID "119544"]

1. e4 e6 2. d4 d5 3. Nc3 Bb4 4. e5 c5 5. a3 Bxc3+ 6. bxc3 cxd4 7. cxd4 Nc6 8. Nf3 Nge7 9. h4 Qb6 10. Bd3 Bd7
11. c3 Ng6 12. h5 Nge7 13. h6 g6 14. Ng5 Nxd4 15. Be3 Nef5 16. Bxf5 exf5 17. Bxd4 Qa6 18. e6 Ba4 19. exf7+ Kd7 20. Qf3
1-0

[Event "1600/1900 standard #2"]
[Site "SchemingMind.com"]
[Date "2007.09.07"]
[Round "-"]
[White "Orome"]
[Black "Archon"]
[Result "1-0"]
[WhiteCountry "SUI"]
[BlackCountry "CAN"]
[WhiteElo "1883"]
[WhiteRD "113"]
[BlackElo "1710"]
[BlackRD "51"]
[GameID "119545"]

1. e4 d6 2. d4 Nf6 3. Nc3 g6 4. Be3 c6 5. Qd2 b5 6. Bd3 Nbd7 7. Nf3 Bb7 8. h3 e5 9. O-O Bg7 10. Bh6 Bxh6
11. Qxh6 Qe7 12. dxe5 dxe5 13. a3 a6 14. Rfe1 O-O-O 15. b4 Kb8 16. Nb1 c5 17. c3 cxb4 18. cxb4 Nf8 19. Qe3 Ne6 20. Nxe5 Nd4
21. Nf3 Nxf3+ 22. Qxf3 Rhe8 23. Nd2 Nd7 24. Re3 Ne5 25. Qg3 Ka8 26. Rae1 Qd7 27. Nb3 Nxd3 28. Rd1 Rxe4 29. Rexd3 Re1+ 30. Rxe1 Qxd3
31. Qxd3 Rxd3 32. Re8+ Ka7 33. Nc5 Rd1+ 34. Kh2 Kb6 35. Rb8
1-0

[Event "1600/1900 standard #2"]
[Site "SchemingMind.com"]
[Date "2007.09.06"]
[Round "-"]
[White "MarketTheHay"]
[Black "Orome"]
[Result "1-0"]
[WhiteCountry "ENG"]
[BlackCountry "SUI"]
[WhiteElo "1838"]
[WhiteRD "123"]
[BlackElo "1838"]
[BlackRD "126"]
[GameID "119546"]

1. c4 e5 2. Nc3 Nf6 3. g3 Bb4 4. Bg2 O-O 5. d3 c6 6. Bd2 d5 7. cxd5 cxd5 8. Nf3 Nc6 9. O-O Bf5 10. Nh4 Be6
11. f4 Qd7 12. f5 Ng4 13. Bh3 Bc5+ 14. Kg2 Ne3+ 15. Bxe3 Bxe3 16. fxe6 fxe6 17. Nf3 h5 18. Qa4 g5 19. Nxe5 Nxe5 20. Qxd7 Nxd7
21. Bxe6+
1-0

[Event "1600/1900 standard #2"]
[Site "SchemingMind.com"]
[Date "2007.09.07"]
[Round "-"]
[White "echecs"]
[Black "Orome"]
[Result "1-0"]
[WhiteCountry "ENG"]
[BlackCountry "SUI"]
[WhiteElo "1792"]
[WhiteRD "64"]
[BlackElo "1838"]
[BlackRD "126"]
[GameID "119547"]

1. e4 c5 2. c3 Nf6 3. e5 Nd5 4. Nf3 Nc6 5. Bc4 Nb6 6. Bb3 c4 7. Bc2 Qc7 8. Qe2 g5 9. Nxg5 Qxe5 10. Qxe5 Nxe5
11. b3 Nd3+ 12. Ke2 Nxc1+ 13. Rxc1 h6 14. Nf3 d6 15. Na3 d5 16. Nb5 Kd8 17. Ne5 Be6 18. Nd4 Ke8 19. Nxe6 fxe6 20. Bg6+
1-0

[Event "1600/1900 standard #2"]
[Site "SchemingMind.com"]
[Date "2007.09.06"]
[Round "-"]
[White "erikbrynolfson"]
[Black "Orome"]
[Result "0-1"]
[WhiteCountry "USA"]
[BlackCountry "SUI"]
[WhiteElo "1746"]
[WhiteRD "65"]
[BlackElo "1925"]
[BlackRD "86"]
[GameID "119548"]

1. b3 e5 2. Bb2 Nc6 3. e3 g6 4. Bb5 Bg7 5. Bxc6 dxc6 6. f4 Qh4+ 7. g3 Qe7 8. Nf3 f6 9. Nc3 Bg4 10. h3 Bd7
11. Qe2 O-O-O 12. O-O-O Qf7 13. Na4 exf4 14. gxf4 b6 15. h4 c5 16. Nc3 Kb8 17. Rh2 Ne7 18. e4 Rhe8 19. Rdh1 Nf5 20. Qf2 Nh6
21. Rg2 Ng4 22. Qg1 h5 23. d3 Bc6 24. Re2 f5 25. Ng5 Qf8 26. Qe1 fxe4 27. Ngxe4 Qxf4+ 28. Kb1 Bxc3 29. Bxc3 Bxe4 30. Rxe4 Rxe4
31. Qxe4 Qxe4 32. dxe4 Nf2 33. Re1 Rd1+ 34. Rxd1 Nxd1 35. Bf6 Nf2 36. e5 Ng4 37. Bg7 Kc8 38. e6 Kd8 39. Bf8 Ke8 40. e7 Nf6
41. Kc1 Nd5 42. Kd2 Nxe7 43. Bh6 Nf5 44. Bg5 Nd4 45. Kd3 Kf7 46. c3 Ne6 47. Bd2 Kf6 48. Ke4 g5 49. hxg5+ Nxg5+ 50. Kf4 b5
51. Be3 a6 52. Kg3 Ne4+ 53. Kh4 Nxc3 54. a3 Kg6 55. Bxc5 a5 56. Bd4 Ne4 57. b4 a4 58. Bb2 Nd6 59. Bc1 Nc4 60. Kh3 Kf5
61. Kh4 Ke4 62. Kxh5 Kd3
0-1

[Event "1600/1900 standard #2"]
[Site "SchemingMind.com"]
[Date "2007.09.07"]
[Round "-"]
[White "Archon"]
[Black "Orome"]
[Result "0-1"]
[WhiteCountry "CAN"]
[BlackCountry "SUI"]
[WhiteElo "1707"]
[WhiteRD "52"]
[BlackElo "1838"]
[BlackRD "126"]
[GameID "119549"]

1. d4 d5 2. c4 c6 3. Nc3 Nf6 4. e3 e6 5. Nf3 Nbd7 6. Qc2 Bd6 7. g4 dxc4 8. Bxc4 e5 9. g5 Nd5 10. Bd2 O-O
11. O-O-O exd4 12. exd4 Nb4 13. Qb1 Nb6 14. Bb3 Bg4 15. Qe4 Qd7 16. a3 Bf5 17. Qh4 Nd3+ 18. Kb1 Ne5+ 19. Ka1 Nxf3 20. Qh5 Bg4
0-1

[Event "1600/1900 standard #2"]
[Site "SchemingMind.com"]
[Date "2007.09.07"]
[Round "-"]
[White "dadshane2000"]
[Black "MarketTheHay"]
[Result "1-0"]
[WhiteCountry "USA"]
[BlackCountry "ENG"]
[WhiteElo "1881"]
[WhiteRD "70"]
[BlackElo "1800"]
[BlackRD "96"]
[GameID "119587"]

1. e4 e5 2. Nf3 Nc6 3. Bb5 Nf6 4. O-O Nxe4 5. d4 a6 6. Ba4 b5 7. Bb3 d5 8. dxe5 Be6 9. Nbd2 Nc5 10. c3 d4
11. Bxe6 fxe6 12. cxd4 Nxd4 13. Nxd4 Qxd4 14. Nf3 Qc4 15. b3 Qc3 16. Be3 Rd8 17. Qc1 Ne4 18. Qxc3 Nxc3 19. Ng5
1-0

[Event "1600/1900 standard #2"]
[Site "SchemingMind.com"]
[Date "2007.09.07"]
[Round "-"]
[White "dadshane2000"]
[Black "echecs"]
[Result "1/2-1/2"]
[WhiteCountry "USA"]
[BlackCountry "ENG"]
[WhiteElo "1883"]
[WhiteRD "73"]
[BlackElo "1743"]
[BlackRD "62"]
[GameID "119588"]

1. e4 Nf6 2. e5 Nd5 3. d4 d6 4. Nf3 Nb6 5. a4 a5 6. Nc3 g6 7. exd6 cxd6 8. Bb5+ Bd7 9. O-O Bg7 10. Re1 O-O
11. Bg5 Re8 12. Qd2 Nc6 13. h3 Bf6 14. Bxf6 exf6 15. Ne4 d5 16. Nc5 Bc8 17. b3 Rf8 18. Re2 Na7 19. Bd3 Nd7 20. Nxd7 Bxd7
21. c4 Be6 22. c5 Nc6 23. Bb5 Re8 24. Rae1 Qc8 25. Qf4 Kg7 26. Nh2 h5 27. Nf3 Rf8 28. Bxc6 bxc6 29. Rb2 Rb8 30. Qd2 Rb4=
1/2-1/2

[Event "1600/1900 standard #2"]
[Site "SchemingMind.com"]
[Date "2007.09.07"]
[Round "-"]
[White "dadshane2000"]
[Black "erikbrynolfson"]
[Result "1-0"]
[WhiteCountry "USA"]
[BlackCountry "USA"]
[WhiteElo "1883"]
[WhiteRD "73"]
[BlackElo "1746"]
[BlackRD "65"]
[GameID "119589"]

1. e4 e6 2. d4 d5 3. Nc3 Bb4 4. e5 c5 5. a3 cxd4 6. axb4 dxc3 7. Nf3 Ne7 8. Bd3 Nbc6 9. bxc3 Qc7 10. O-O Nxe5
11. Nxe5 Qxe5 12. Bd2 O-O 13. f4 Qf6 14. Qh5 Nf5 15. g4 Qh4 16. Qxh4 Nxh4 17. Be1 Ng6 18. Bg3 Ne7 19. f5 Nc6 20. b5 Nb8
21. Bxb8 Rxb8 22. Rxa7 b6 23. Rc7 Rb7 24. Rxb7 Bxb7 25. fxe6 fxe6 26. Rxf8+ Kxf8 27. Bxh7 Kf7 28. Bd3 Kf6 29. Kf2 e5 30. h4 e4
31. Be2 Bc8= 32. g5+ Kf7 33. Ke3 Ke7 34. Kf4 Be6 35. h5 Bg8 36. Ke5 e3 37. Kd4 Kd6 38. Kxe3 Ke5 39. h6 g6 40. Bd3 Bh7
41. Kf3 Ke6 42. Kf4 Kd6 43. c4 Ke6 44. c5 bxc5 45. b6 Kd6 46. b7 Kc7 47. Ke5 Kxb7 48. Kxd5
1-0

[Event "1600/1900 standard #2"]
[Site "SchemingMind.com"]
[Date "2007.09.07"]
[Round "-"]
[White "dadshane2000"]
[Black "Archon"]
[Result "1-0"]
[WhiteCountry "USA"]
[BlackCountry "CAN"]
[WhiteElo "1881"]
[WhiteRD "70"]
[BlackElo "1710"]
[BlackRD "51"]
[GameID "119590"]

1. e4 d6 2. d4 Nf6 3. Nc3 g6 4. f4 Bg7 5. Nf3 O-O 6. Bd3 Na6 7. O-O c5 8. d5 Bg4 9. Bc4 Nc7 10. h3 Bxf3
11. Qxf3 a6 12. a4 b6 13. Qd3 e6 14. dxe6 fxe6 15. Be3 Qe7 16. e5 Nfd5 17. Nxd5 Nxd5 18. Bxd5 exd5 19. Qxd5+ Kh8 20. Qxd6 Qxd6
21. exd6 Rad8 22. Rad1 Rd7 23. b4 Bd4 24. Bxd4+ cxd4 25. Rxd4 Rfd8 26. Rfd1 Kg7 27. c4 Kf6 28. c5 bxc5 29. bxc5 Ke6 30. Re1+ Kf6
31. Rde4 Kg7 32. Re7+ Kf8 33. Rxd7 Rxd7 34. Rd1 Kf7 35. c6
1-0

[Event "1600/1900 standard #2"]
[Site "SchemingMind.com"]
[Date "2007.09.07"]
[Round "-"]
[White "dadshane2000"]
[Black "Orome"]
[Result "1/2-1/2"]
[WhiteCountry "USA"]
[BlackCountry "SUI"]
[WhiteElo "1881"]
[WhiteRD "70"]
[BlackElo "1883"]
[BlackRD "113"]
[GameID "119591"]

1. e4 c5 2. Nf3 d6 3. d4 cxd4 4. Nxd4 Nf6 5. Nc3 a6 6. Be3 e5 7. Nf3 Be7 8. Bc4 O-O 9. O-O Be6 10. Qe2 Nc6
11. Bb3 Na5 12. Rfd1 Nxb3 13. cxb3 Qe8 14. Bg5 h6 15. Bxf6 Bxf6 16. Rxd6 Bg4 17. Nd5 Be7 18. Nxe7+ Qxe7 19. Rad1 Rad8 20. Rxd8 Rxd8
21. Rxd8+ Qxd8 22. h3 Bxf3 23. Qxf3 Qd4 24. Qe2=
1/2-1/2

[Event "1600/1900 standard #2"]
[Site "SchemingMind.com"]
[Date "2007.09.07"]
[Round "-"]
[White "MarketTheHay"]
[Black "dadshane2000"]
[Result "0-1"]
[WhiteCountry "ENG"]
[BlackCountry "USA"]
[WhiteElo "1800"]
[WhiteRD "96"]
[BlackElo "1881"]
[BlackRD "70"]
[GameID "119592"]

1. c4 Nf6 2. Nc3 e5 3. g3 Bb4 4. Nd5 Nxd5 5. cxd5 O-O 6. a3 Bc5 7. e4 d6 8. d3 f5 9. Be3 Bxe3 10. fxe3 fxe4
11. dxe4 Qf6 12. Qe2 Bg4 13. Qg2 Nd7 14. Be2 Bxe2 15. Nxe2 Qg5 16. Kd2 Nc5 17. Raf1 Nb3+ 18. Kd3= c5 19. Nc3 a6 20. Qh3 Qe7
21. Rf5 g6 22. Qg4 Kh8 23. Rg5 Rf2 24. Nb1 Raf8 25. h4 Qc7 26. h5 c4+ 27. Kc3 b5 28. hxg6 Qa5#
0-1

[Event "1600/1900 standard #2"]
[Site "SchemingMind.com"]
[Date "2007.09.08"]
[Round "-"]
[White "echecs"]
[Black "dadshane2000"]
[Result "0-1"]
[WhiteCountry "ENG"]
[BlackCountry "USA"]
[WhiteElo "1734"]
[WhiteRD "69"]
[BlackElo "1885"]
[BlackRD "70"]
[GameID "119593"]

1. e4 e5 2. Nf3 Nc6 3. Bc4 Nf6 4. Ng5 d5 5. exd5 Na5 6. Bb5+ c6 7. dxc6 bxc6 8. Be2 h6 9. Nf3 e4 10. Ne5 Bd6
11. d4 exd3 12. Nxd3 Qc7 13. b3 O-O 14. Bb2 Ne4 15. Nd2 Bf5 16. Nxe4 Bxe4 17. f3 Bh7 18. Qd2 Rad8 19. Qc3 f6 20. O-O-O Rfe8
21. Rde1 Nb7 22. g3 Re7 23. f4 Be4 24. Rhf1 Qb6 25. Nf2 Bb4 26. Nxe4 Bxc3 27. Nxc3 Kh8 28. Kb1 Rde8 29. Ba3 Re3 30. Na4 Qd4
31. Bb2 Qe4 32. Nc3 Qg2 33. Rg1 Qxh2 34. Rh1 Qxg3 35. Reg1 Qxf4 36. Bc1 Qe5 37. Bxe3 Qxe3 38. Bh5 Re7 39. Nd1 Qc5 40. Bg6 Nd6
41. Nb2 Ne4 42. Na4 Qe5 43. Bxe4 Qxe4 44. Nb2 f5 45. Nd3 Qd4 46. Rf1 Qf6 47. Rh5 Rf7 48. Nf4 Kh7 49. Rh3 g5 50. Nd3 f4
51. Rfh1 g4 52. Rh5 f3 53. Nf2 Rg7 54. Ne4 Qf4 55. Nc5 f2 56. Rf1 Qf7 57. Rxh6+ Kxh6 58. Rh1+ Kg6
0-1

[Event "1600/1900 standard #2"]
[Site "SchemingMind.com"]
[Date "2007.09.08"]
[Round "-"]
[White "erikbrynolfson"]
[Black "dadshane2000"]
[Result "1/2-1/2"]
[WhiteCountry "USA"]
[BlackCountry "USA"]
[WhiteElo "1753"]
[WhiteRD "66"]
[BlackElo "1881"]
[BlackRD "70"]
[GameID "119594"]

1. c4 Nf6 2. Nc3 e5 3. g3 Bb4 4. Qc2 O-O 5. Bg2 Re8 6. a3 Bxc3 7. Qxc3 d5 8. d3 h6 9. Nf3 e4 10. dxe4 dxe4
11. Nd4 c5 12. Nc2 Nc6 13. O-O Qe7 14. b4 cxb4 15. axb4 b6 16. Bb2 Qe5 17. Qxe5 Nxe5 18. Ne3 Bb7 19. Rfd1 a6 20. Rd6 Nfd7
21. Bh3 Re7=
1/2-1/2

[Event "1600/1900 standard #2"]
[Site "SchemingMind.com"]
[Date "2007.09.07"]
[Round "-"]
[White "Archon"]
[Black "dadshane2000"]
[Result "0-1"]
[WhiteCountry "CAN"]
[BlackCountry "USA"]
[WhiteElo "1710"]
[WhiteRD "51"]
[BlackElo "1881"]
[BlackRD "70"]
[GameID "119595"]

1. d4 Nf6 2. c4 c5 3. d5 g6 4. Nc3 d6 5. e4 Bg7 6. f3 O-O 7. Bg5 e6 8. Qd2 exd5 9. cxd5 Nbd7 10. Nh3 a6
11. Nf2 Rb8 12. Be2 b5 13. O-O Qc7 14. f4 c4 15. Rae1 Re8 16. a3 Nc5 17. Bd1 Qa5 18. Bc2 Nfd7 19. f5 b4 20. axb4 Qxb4
21. Bh6 Nf6 22. fxg6 fxg6 23. e5 dxe5 24. Bxg6 Re7 25. d6 Rd7 26. Bxg7 Rxg7 27. Bxh7+ Nxh7 28. Rxe5 Bb7 29. Qh6 Rxg2+
0-1